| 000 | 00456nam a2200157Ia 4500 | ||
|---|---|---|---|
| 008 | 220216s9999 xx 000 0 und d | ||
| 100 | _aMercykutty V C | ||
| 245 | 0 | _aMethods to improve establishment success and growth of green budded stumps of Hevea in polybags | |
| 260 |
_bNatural Rubber Research _c2012 |
||
| 300 | _a46-51 | ||
| 650 | _aGreen budding | ||
| 650 | _aGrowth of Hevea | ||
| 650 | _aIBA and water | ||
| 700 | _aGireesh T | ||
| 942 | _cJS | ||
| 999 |
_c62882 _d62882 |
||